000 00540nam a2200145Ia 4500
008 210428s9999 xx 000 0 und d
020 _a1-56347-181-7
082 _a660.04 A498 R
100 _aKenneth K. Kuo
_99038
245 0 _aRecent Advances in Spray Combustion Spray Combustion Measurements and Model Simulation V-II /
_cKenneth K. Kuo
260 _bAmerican Institute of Aeronautics and Astronautics
_aWashington, DC
_c1996
300 _a467p
440 _aProgress in astronautics and aeronautics V-171
_9127171
942 _cBK
_2ddc
999 _c559984
_d559984